Novels and stories : Deephaven; A country doctor; The country of the pointed firs; Dunnt langing stories; Selected stories and sketches

Saved in:
Bibliographic Details
Main Author: Jewett, Sarah Orne
Format: Book
Language:Undetermined
Published: New York, NY The Library of America 1994
Subjects:
Tags: Add Tag
No Tags, Be the first to tag this record!
Institutions: Trung tâm Học liệu Trường Đại học Cần Thơ
LEADER 00674nam a2200217Ia 4500
001 CTU_125537
008 210402s9999 xx 000 0 und d
020 |c 26.60 
082 |a 813.4 
082 |b J59 
100 |a Jewett, Sarah Orne 
245 0 |a Novels and stories : 
245 0 |b Deephaven; A country doctor; The country of the pointed firs; Dunnt langing stories; Selected stories and sketches 
245 0 |c Sarah Orne Jewett ; Edited by Michael Davitt Bell 
260 |a New York, NY 
260 |b The Library of America 
260 |c 1994 
650 |a Maine 
650 |x Fiction 
904 |i Minh 
980 |a Trung tâm Học liệu Trường Đại học Cần Thơ